Word Ladder: Let 'Em In Quiz Stats

 Plays Quiz Updated Jul 12, 2014

Support Sporcle.
Go Orange.
Score 0/56 Timer 05:00
1 Play Today
Hint 4-Letter Word % Correct
Not closedOPEN
99.4%
HaltSTOP
94.1%
To cover a gift in paperWRAP
90.6%
Karate achievementBELT
89.5%
Hiking footwearBOOT
89.2%
Wintry weatherSNOW
89%
Large farm buildingBARN
89%
Pig foodSLOP
88.5%
Spoiled childBRAT
88.3%
Athletic squadTEAM
87.8%
Fireplace dustSOOT
87.4%
Period of president's serviceTERM
87.1%
Plant stalkSTEM
85.8%
Chiming objectBELL
84.9%
Strike repeatedlyBEAT
83.9%
Tree coveringBARK
83.9%
Appear to beSEEM
83.1%
SnareTRAP
83%
One who acts socially superiorSNOB
82.9%
Journey of 1,000 miles beginningSTEP
82.6%
Possess informationKNOW
81.8%
Capital of SwitzerlandBERN
81.7%
Annoying, conceited personSNOT
81.6%
Slovenly personSLOB
80.6%
Trolley carTRAM
80.3%
Migratory seabirdTERN
79.2%
Young sheepLAMB
77.6%
Roundish protuberanceKNOB
75.2%
Hint 4-Letter Word % Correct
Stance to be photographedPOSE
75.1%
Donkey vocalizationBRAY
74.9%
Rear surfaceBACK
74.6%
CrippledLAME
74.4%
Greatest in amountMOST
73.9%
To elevateRISE
73.8%
Transportation chargeFARE
73.8%
NotorietyFAME
73.2%
King Kong's FayWRAY
72.9%
Fragrant bloomROSE
72.7%
Metallic threaded fastenerBOLT
71.8%
Newspaper opinion pageOP-ED
71.7%
Internet forum entryPOST
71.6%
Tournament bracket positionSEED
71%
Seed capsule of cottonBOLL
68%
Hurried alongSPED
67.3%
Displaying knowledge
and good judgment
WISE
64%
Plays music in informal sessionJAMS
62.9%
ConflagrationFIRE
62.8%
Metallic circuit conductorWIRE
62.7%
Entryway frame sideJAMB
60.5%
Horseback riding equipmentTACK
55.3%
Work to be doneTASK
53.8%
Of no significanceMOOT
49.4%
Scottish flat caps (abbrev.)TAMS
47.8%
Former Soviet news agencyTASS
44.7%
COMMON BONDDOOR
44.1%
Uncultivated uplandMOOR
43.6%

Today's Daily Dose

You're not logged in!

Compare scores with friends on all Sporcle quizzes.
OR
Log In

From the Vault

One-Word Movie Mix-and-Match

by Mimbleton

We wish some of these movies were as short as their titles!
Remove Ads.
Support Sporcle.
Get the best of Sporcle when you Go Orange. This ad-free experience offers more features, more stats, and more fun while also helping to support Sporcle. Thank you for becoming a member.

Show Comments

Extras

Top Quizzes Today


Score Distribution

Your Account Isn't Verified!

In order to create a playlist on Sporcle, you need to verify the email address you used during registration. Go to your Sporcle Settings to finish the process.

Report this User

Report this user for behavior that violates our Community Guidelines.

Details: